000 00625nam a2200229Ia 4500
003 OSt
005 20220925230622.0
006 a|||||r|||| 00| 0
007 ta
008 220923b |||||||| |||| 00| 0 eng d
037 _cGeneral Book
040 _aRTL
_cRTL
_beng
041 _2eng
_aeng
082 _aX, J8/TD
100 _aHirschman Albert O
245 0 _aStrategy of economic development
260 _aLondon
_bYale University Press
_c1958
300 _a217p
_ccm.
490 _aYale Studies in Economics.10
942 _hX, J8/TD
_cGB
_2CC
999 _c586134
_d586134